000 01523 a2200193 4500
020 _a1557387559
020 _a9781557387554
082 0 4 _a332.1753068
090 _c3247
_d3247
100 1 _aPirok, Kenneth R.
245 1 0 _aManaging credit department functions :
_ba manager's guide to improving loan analysis, documentation and reporting /
_cKenneth R. Pirok.
260 _a[S.l.] :
_bProbus Professional Pub,
_c1995.
300 _a225 p. ;
_c24 cm.
500 _aHardcover.
520 _aManaging Credit Department Functions helps bankers face the challenges of this essential component of loan management, including the information critical to their success in loan analysis, loan documentation, economic and market research, board and regulatory reporting and credit inquiries. It helps readers face the myriad of challenges impacting the loan department. Beginning with the basics, Managing Credit Department functions defines the critical concepts and offers practical applications, including hands-on analysis, sample forms, data and schedules, and a review of essentials, such as: Structuring the credit department; Relationship and interaction with commercial lenders; Formal lending and credit training; Documentation and credit file administration; Relationship profitability analysis.
856 4 0 _3Amazon.com
_uhttp://www.amazon.com/exec/obidos/ASIN/1557387559/chopaconline-20
856 4 0 _3Amazon customer reviews
_uhttp://www.chopac.org/cgi-bin/tools/azrev.pl?q=1557387559
942 _aNBS
_cBK
_k332.7 PIR
999 _c345735
_d345735